000 00616nam a2200181Ia 4500
008 090123s9999 xx 000 0 und d
082 _b41461
100 _aसहस्त्रबुध्दे चंद्रकांत
245 _aआकाश अवकाश
250 _a1
260 _bप्रतीक
_c2007
300 _a70
600 _aसहस्त्रबुध्दे चंद्रकांत
630 _aआकाश अवकाश
700 _aसहस्त्रबुध्दे चंद्रकांत
730 _aआकाश अवकाश
942 _cBOOK
999 _c79536
_d79536